| 000 | nam a22 a 4500 | ||
|---|---|---|---|
| 999 |
_c167968 _d167968 |
||
| 003 | BLK | ||
| 005 | 20221208141030.0 | ||
| 008 | 180411b bul|||||r ||||||| ||bul|| | ||
| 010 | _aKNG00175824000 | ||
| 040 | _aBLK | ||
| 041 |
_aBUL _cBUL |
||
| 080 |
_aБаскетбол _b796.323 _x(035) _z796.323(035) |
||
| 100 | 1 |
_aЗинин, Александр Михайлович _eпърви автор _9337688 |
|
| 139 |
_aЗинин, Александр Михайлович _bЗ 65 |
||
| 245 | 1 | 0 |
_aПърви стъпки в баскетбола _bРъководство _cАлександр Михайлович Зинин; прев. от рус. Божидар Христов. |
| 257 | _aBGR | ||
| 260 |
_aСофия _bМедицина и физкултура _c1981 _fПловдив : печ. Д. Благоев |
||
| 300 |
_a148 с. _bс черт. _c20 см |
||
| 380 | _a79 | ||
| 500 | _aОриг. загл. Первые шаги в баскетболе. - 2 815 тир. | ||
| 650 | 4 |
_aБаскетбол _9148166 |
|
| 653 | _aбаскетбол | ||
| 653 | _aръководства | ||
| 700 | 1 |
_aХристов, Божидар _eпрев. от рус. _9382440 |
|
| 852 | _aЦб 107221 | ||
| 856 | 4 |
_qpdf _i0.00 _ldisable |
|
| 856 | 4 |
_qpdf _i0.00 _ldisable |
|
| 942 |
_cKNG _n0 _s1 |
||
| 944 |
_aCR _c25.05.2015 _lф / _kЛюдмила_Стоянова |
||
| 944 |
_aED _c25.05.2015 _lф / _kЛюдмила_Стоянова |
||
| 999 | _d167968 | ||